000 00303nam a2200133Ia 4500
008 100328s9999 xx 000 0 und d
082 _b14808
100 _aMalgonkar Manohar
245 _aThe Prinees
260 _bHamish Hamilton
630 _aThe Prinees
730 _aThe Prinees
942 _cBOOK
999 _c509702
_d509699